| 000 | 00417nam a2200193Ia 4500 | ||
|---|---|---|---|
| 008 | 210210b1962 xxu||||| |||| 00| 0 eng d | ||
| 041 | _aeng | ||
| 082 | _a590/268 | ||
| 100 | _aROMER (A S) | ||
| 245 | _aMan and the vertebrates I | ||
| 260 |
_aUSA _bPenguin Books _c1962 |
||
| 650 | _avertebrates | ||
| 650 | _athe | ||
| 650 | _aMan | ||
| 650 | _aI | ||
| 650 | _aand | ||
| 690 | _aZoology | ||
| 906 | _a010839 | ||
| 999 |
_c138731 _d138731 |
||